Bhojwani and another v Kingsley Investment Trust Ltd (Record no. 37953)
[ view plain ]
| 000 -LEADER | |
|---|---|
| fixed length control field | 01792cab a2200289 4500 |
| 001 - CONTROL NUMBER | |
| control field | ABS47267 |
| 008 - FIXED-LENGTH DATA ELEMENTS--GENERAL INFORMATION | |
| fixed length control field | 090401t1992 xxu||||| |||| 00| 0 eng d |
| 035 ## - SYSTEM CONTROL NUMBER | |
| System control number | (Sirsi) u61309 |
| 041 ## - LANGUAGE CODE | |
| Language code of text/sound track or separate title | eng |
| 245 ## - TITLE STATEMENT | |
| Title | Bhojwani and another v Kingsley Investment Trust Ltd |
| 260 ## - PUBLICATION, DISTRIBUTION, ETC. | |
| Date of publication, distribution, etc. | 1992 |
| 350 ## - PRICE (NR) (BK AM CF MU VM SE) [OBSOLETE] | |
| Price | 0 |
| 490 ## - SERIES STATEMENT | |
| Series statement | Estates Gazette |
| Volume/sequential designation | (1992) 39 EG 138-144(4) |
| 520 ## - SUMMARY, ETC. | |
| Summary, etc. | ChD 21 May 1992. In March 1990 the plaintiffs, B, received notice under Law of Property Act 1925 s146 alleging breaches of various repairing covenants together with a schedule of dilapidations. The March instalment of rent was not paid. Two months later K, the defendants, reentered the premises. B claimed possession of the premises from K on the grounds that rentry was effected before a reasonable time for performance of the repair works had elapsed and it was therefore unlawful or they sought relief from forfeiture. They claimed £13,562 as damages for excessive distress alleging that K had impounded their stock valued at £15,00 in respect of outstanding rent of £1,437 and general damages for loss of profit and goodwill. K made a counterclaim for the outstanding quarters rent, damages for breach of the repairing covenant and a small sum for costs and expenses of reentry. In May 1991 K sold their freehold interest with vacant possession to S despite B`s claim for relief from forfeiture ... |
| 650 ## - SUBJECT ADDED ENTRY--TOPICAL TERM | |
| Topical term or geographic name entry element | ARREARS |
| 650 ## - SUBJECT ADDED ENTRY--TOPICAL TERM | |
| Topical term or geographic name entry element | BREACH OF COVENANT |
| 650 ## - SUBJECT ADDED ENTRY--TOPICAL TERM | |
| Topical term or geographic name entry element | LAW OF PROPERTY ACT 1925 S146 |
| 650 ## - SUBJECT ADDED ENTRY--TOPICAL TERM | |
| Topical term or geographic name entry element | NONPAYMENT OF RENT |
| 650 ## - SUBJECT ADDED ENTRY--TOPICAL TERM | |
| Topical term or geographic name entry element | RELIEF FROM FORFEITURE |
| 650 ## - SUBJECT ADDED ENTRY--TOPICAL TERM | |
| Topical term or geographic name entry element | REPAIRING COVENANTS |
| 650 ## - SUBJECT ADDED ENTRY--TOPICAL TERM | |
| Topical term or geographic name entry element | REPOSSESSION |
| 650 ## - SUBJECT ADDED ENTRY--TOPICAL TERM | |
| Topical term or geographic name entry element | S146 NOTICES |
| 650 ## - SUBJECT ADDED ENTRY--TOPICAL TERM | |
| Topical term or geographic name entry element | SCHEDULE OF DILAPIDATIONS |
| 690 ## - LOCAL SUBJECT ADDED ENTRY--TOPICAL TERM (OCLC, RLIN) | |
| Topical term or geographic name as entry element | LANDLORD AND TENANT-CASE LAW-BUSINESS TENANCIES |
| 942 ## - ADDED ENTRY ELEMENTS (KOHA) | |
| Suppress in OPAC | 0 |
| 948 ## - LOCAL PROCESSING INFORMATION (OCLC); SERIES PART DESIGNATOR (RLIN) | |
| c (OCLC) | 04/03/1997 |
| Withdrawn status | Lost status | Source of classification or shelving scheme | Damaged status | Not for loan | Home library | Current library | Shelving location | Date acquired | Total Checkouts | Full call number | Barcode | Date last seen | Copy number | Price effective from | Koha item type |
|---|---|---|---|---|---|---|---|---|---|---|---|---|---|---|---|
| Dewey Decimal Classification | London | London | Journal article | 14/09/1999 | ABS47267 | 61309-1001 | 06/08/2019 | 1 | 06/08/2019 | Law report |